000 00316nam a2200133Ia 4500
100 _aMicro Pro
942 _cBK
654 _aword star
245 _aWord Star Reference Manual For Relese 3.3
260 _bMicro Pro international corp.
_aCalifornia
_c1983
082 _a1.6
_bMic
546 _aENGLISH
999 _c22627
_d22627